000 00903nam a22002897a 4500
003 CHAP
005 20220329135308.0
008 971013s1965 r 00010 d
010 _a33929
011 _a34901
035 _a39017
040 _cCHAP
082 _a581.158
_bM4Y
100 0 0 _aMendel, Gregor Johann.
_974561
245 _aExperimentos de hibridación en plantas
260 _aMéxico, D.F. :
_bUniversidad Nacional Autónoma México,
_c1965
300 _a49 p
590 _aBATCH-UPD
_b10
_c20130109
_lUCH01
_h2344
590 _aBATCH-UPD
_b10
_c20130110
_lUCH01
_h1639
590 _aBATCH-UPD
_b10
_c20130410
_lUCH01
_h1030
590 _aBATCH-UPD
_b10
_c20130914
_lUCH01
_h1613
590 _aCONVERSION
_b10
_c20130109
_lUCH01
_h1319
650 1 4 _aHibridación vegetal.
_955145
901 _aBK
942 _cLIBRO
949 _a581.158 M4Y
_bBC
_cLIBRO
_d33724000545059
_eLIBRO
_h72855
_i39017
_si
999 _c33929
_d33929